00472nam a2200181 a 4500001001300000003000900013005001700022008004100039020002200080082001300102100002300115245003000138260004400168300000900212500003500221650001100256700002300267nice12345678IN_TiNIC20260116014817.0140911s2007 newa grp 000 0 eng  a9780312375201c9000a226bISC aIscariot, Benjamin aGospel According to Judas aNewyork, USA bSt.Martin`s Press c2007 a100p aincludes index and biblioraphy aGospel1 aIscariot, Benjamin